000 00806 a2200253 4500
005 20181102155124.0
008 181024s2017 nyu||||| |||| 00| 0 eng d
020 _a9781138942264 (2a Ed.)
040 _aCO-BoUCM
_bspa
_cDoris Forero
_dDoris Forero
041 _aeng
100 3 0 _aIggers, Georg
_994119
245 3 2 _aA global history of modern historiography
_cIggers, Georg
250 _a2a. Ed
260 _aNew York
_bPearson Longman
_c2017
300 _a376 páginas
650 7 _916967
_aHistoriografía
650 7 _912923
_aDesarrollo
_xHistoria global
650 7 _919682
_aModernismo
650 7 _9216
_aGlobalización
700 _aWang, Edward
_994120
700 _aMukherjee, Supriya
_994121
942 _cLIBRO
_2DEWEY
_a21
_e2
_h907.2
_mI242
999 _c310457
_d310457